Charlotte Hornets leading scorer each game (2024-2025 season) - Statistics

General Stats
  • This quiz has been taken 15 times
  • The average score is 5 of 12
Answer Stats
# of games Player % Correct
26 Lamelo Ball
100%
29 Miles Bridges
77%
7 Mark Williams
69%
9 Brandon Miller
62%
1 Tre Mann
46%
1 Moussa Diabate
38%
1 KJ Simpson
31%
1 Jusuf Nurkic
23%
1 Vasilije Micic
23%
4 Nick Smith Jr.
15%
1 Seth Curry
8%
1 DaQuan Jeffries
0%
No matching quizzes found
Score Distribution
Percent of People with Each Score
Percentile by Number Answered
Your Score History
You have not taken this quiz